Σχολείο και Οικογένεια = Schoool and family

Αποθηκεύτηκε σε:
Λεπτομέρειες βιβλιογραφικής εγγραφής
Συγγραφή απο Οργανισμό/Αρχή: Ψυχολογική Εταιρεία Βορείου Ελλάδος
Άλλοι συγγραφείς: Μπρούζος, Ανδρέας (Επιμελητής έκδοσης), Μισαηλίδη, Πλουσία (Επιμελητής έκδοσης), Εμβαλωτής, Αναστάσιος (Επιμελητής έκδοσης)
Μορφή: Βιβλίο
Γλώσσα:Greek
English
Δημοσίευση: Αθήνα : Ελληνικά Γράμματα, 2008
Σειρά:Επιστημονική Επετηρίδα της Ψυχολογικής Εταιρείας Βορείου Ελλάδος ; ; 6
Θέματα:
Ετικέτες: Προσθήκη ετικέτας
Δεν υπάρχουν, Καταχωρήστε ετικέτα πρώτοι!

MARC

LEADER 00000nam a2200000 i 4500
001 1/46226
008 070614s2008 gre d
020 |a 978-960-19-0035-3 
035 |l 10088320 
040 |a GR-MY-UA  |b gre  |e aacr 
041 0 |a gre  |a eng 
082 0 |a 150.72  |2 (22) 
110 2 |a Ψυχολογική Εταιρεία Βορείου Ελλάδος. 
245 1 0 |a Σχολείο και Οικογένεια =  |b Schoool and family /  |c επιμέλεια σύνταξης και έκδοσης: Aνδρέας Μπρούζος, Πλούσια Μιχαηλίδη, Αναστάσιος Εμβαλωτής 
260 |a Αθήνα :   |b Ελληνικά Γράμματα,   |c 2008 
300 |a 6τ.;  |c 24 εκ. 
490 1 |a Επιστημονική επετηρίδα της ψυχολογικής εταιρείας βορείου Ελλάδος  |v ; 6 
650 0 0 |a Psychology  |x Research  |x Methodology. 
700 1 |a Μπρούζος, Ανδρέας.  |4 edt 
700 0 |a Μισαηλίδη, Πλουσία.  |4 edt 
700 1 |a Εμβαλωτής, Αναστάσιος.  |4 edt 
830 0 |a Επιστημονική Επετηρίδα της Ψυχολογικής Εταιρείας Βορείου Ελλάδος ;  |v ; 6 
852 |a INST  |b RHODES  |e 20070614  |h 150.72 ΨΥΧ  |p 005400026492  |q 005400026492  |t BK  |y 0  |z τ.6 
852 |a INST  |b RHODES  |e 20070614  |h 150.72 ΨΥΧ  |p 005400026492  |q 005400026492  |t BK  |v τ.6:  |y 0  |z τ.6 
853 |a INST  |b RHODES  |h 150.72 ΨΥΧ 
901 |a BIBL4-2007-2 
909 |a Ρ  |b 127971 
920 |a ΔΩΡΕΑ ΒΙΒΛΙΟΘΗΚΗΣ  |y ΡΟΔΟΣ  |z 2007-06 
970 |a ΜΙΣΣΟΣ  |b ΣΤΑΥΡΟΣ  |z 2007/06/14